01229cam a22003134a 450000100090000000300040000900500170001300800410003001000170007102000180008802000220010604000190012804200080014704300120015505000240016708200190019110000340021024500760024426000640032030000350038449000330041950400660045265100380051865100340055683000550059085600880064585600760073385601060080912867578OSt20200602144428.0020724s2003 enkab b 001 0 eng  a 2002074177 a9780521007634 a0521007631 (pbk.) aDLCcoclcdDLC apcc aa-ii---00aHC435.2b.H268 200300a330.954bHAR/I aHarriss-White, Barbarad1946-10aIndia working :bessays on society and economy /cBarbara Harriss-White aCambridge ;aNew York :bCambridge University Press,c2003. a316 p. :bill., maps ;c24 cm.1 aContemporary South Asia ;v8 aIncludes bibliographical references (p. 272-303) and indexes. 0aIndiaxEconomic conditionsy1947- 0aIndiaxEconomic policyy1991- 0aContemporary South Asia (Cambridge, England) ;v8.423Publisher descriptionuhttp://www.loc.gov/catdir/description/cam031/2002074177.html413Table of contentsuhttp://www.loc.gov/catdir/toc/cam031/2002074177.html423Contributor biographical informationuhttp://www.loc.gov/catdir/enhancements/fy0731/2002074177-b.html